000 00264nam a2200121 i 4500
001 bg
245 0 _aInstytut Rachunku Ekonomicznego.
260 _aSzczecin,
_c1974.
040 _cBPK
041 _apol
942 _cKS
008 s pl f |000 0 pol
999 _c26418
_d26418
856 _uhttp://koha.tu.koszalin.pl/cgi-bin/koha/opac-detail.pl?biblionumber=26418
_yKatalog online BPK